000 00361nam a22001571a 4500
020 _a818688114X
082 _aH3
_bPUS/L
100 _aPushpa Saxena
245 _aLaut avo thum/
_cby Pushpa Saxena
260 _aIllahabad:
_bSamridhi,
_c2006.
300 _a104p.
650 _aNovel Hindi
650 _aLiterature Hindi
650 _aLiterature
942 _cBK
999 _c25401
_d25401